000
00331nam a2200145Ia 4500
008
230718s9999 xx 000 0 und d
041
_a
Eng.
082
_a
34.07
_b
CUN-S
100
_a
Cunneen Robest
245
0
_a
Sewrce some book
260
_a
Pakistan
_b
Oxford uriny pre
_c
2001
300
_a
245
650
_a
Law
999
_c
26744
_d
26744